Barčova "Matka" v Plešivci

Bibliographic Details
Format: Article
Language:Slovak
Subjects:

MARC

LEADER 00000nab a2200000 a 4500
001 vtls001013968
003 SK-MaSNL
005 20260304233334.0
008 040720e19470101xo 0 slo
035 |a RVS825 
040 |a RVGKPD  |b slo  |c RVGKPD  |e AACR2 
041 0 |a slo 
044 |a xo  |c SK 
080 |a 792.077  |2 1981 
245 0 0 |a Barčova "Matka" v Plešivci 
518 |a 16.03.1947 
650 0 7 |a ochotnícke divadlo  |2 RVGKPD  |9 3349 
650 0 7 |a divadelné predstavenia  |2 RVGKPD  |9 3328 
651 7 |a Plešivec (Slovensko)  |2 RVGKPD  |9 29311 
655 7 |a periodikum  |2 snkbucl  |9 29553 
773 0 8 |t Šafárikov kraj  |g Roč. 10, č.14, 5.4.1947, s. 6 
852 |a ZVYKNI  |b KIS3GCP 
999 |c 3198228  |d 3200158